[Event "8 Player Open 18"]
[Site "SchemingMind.com"]
[Date "2014.12.18"]
[Round "-"]
[White "The Stonewall"]
[Black "Scooter"]
[Result "1-0"]
[WhiteCountry "ENG"]
[BlackCountry "USA"]
[WhiteElo "2263"]
[WhiteRD "90"]
[BlackElo "1778"]
[BlackRD "45"]
[GameID "371362"]

1. d4 Nf6 2. c4 g6 3. f3 Bg7 4. e4 d6 5. Be3 O-O 6. Qd2 b6 7. Bd3 Bb7 8. Nc3 Nbd7 9. Nge2 c5 10. Rd1 cxd4
11. Nxd4 Ne5 12. Be2 Rc8 13. b3 a6 14. O-O Nc6 15. Nxc6 Bxc6 16. e5 dxe5 17. Qxd8 Rfxd8 18. Bxb6 Rd7 19. Rxd7 Bxd7 20. Rd1 Rb8
21. Bc7 Rc8 22. Bxe5 Bc6 23. c5 Nd7 24. Bxa6 Ra8 25. Bxg7 Kxg7 26. Bb7 Bxb7 27. Rxd7
1-0

[Event "8 Player Open 18"]
[Site "SchemingMind.com"]
[Date "2014.12.18"]
[Round "-"]
[White "Scooter"]
[Black "The Stonewall"]
[Result "0-1"]
[WhiteCountry "USA"]
[BlackCountry "ENG"]
[WhiteElo "1778"]
[WhiteRD "45"]
[BlackElo "2263"]
[BlackRD "90"]
[GameID "371363"]

1. d4 e6 2. Nf3 f5 3. Bg5 Be7 4. Bxe7 Qxe7 5. c3 Nf6 6. e3 O-O 7. Be2 b6 8. O-O Bb7 9. Nbd2 d6 10. Re1 Nbd7
11. Qc2 c5 12. Qb3 Rac8 13. Ng5 Bd5 14. Bc4 cxd4 15. Bxd5 Nxd5 16. Ngf3 dxc3
0-1

[Event "8 Player Open 18"]
[Site "SchemingMind.com"]
[Date "2014.12.18"]
[Round "-"]
[White "The Stonewall"]
[Black "kenneth m day"]
[Result "1-0"]
[WhiteCountry "ENG"]
[BlackCountry "USA"]
[WhiteElo "2274"]
[WhiteRD "93"]
[BlackElo "1698"]
[BlackRD "51"]
[GameID "371364"]

1. c4 c5 2. g3 Nc6 3. Bg2 Nf6 4. Nc3 g6 5. a3 Bg7 6. Rb1 O-O 7. b3 d6 8. Nf3 Bg4 9. d3 Re8 10. O-O e5
11. h3 Bd7 12. Ng5 h6 13. Nge4 Rb8 14. Nxd6 Re6 15. Nde4 b6 16. Nxf6+ Rxf6 17. Nd5 Rd6 18. b4 Ne7 19. Nxe7+ Qxe7 20. bxc5 Re6
21. Be3 f5 22. cxb6 axb6 23. Bd5 f4 24. Rxb6 Rxb6 25. Bxb6 Kh7 26. c5 Rf6 27. Kh2 fxg3+ 28. fxg3 Rxf1 29. Qxf1 Be6 30. Be4 Qd7
31. c6 Qc8 32. a4 Bf8 33. Qf6 Qe8 34. c7 Bc8 35. Qd8
1-0

[Event "8 Player Open 18"]
[Site "SchemingMind.com"]
[Date "2014.12.18"]
[Round "-"]
[White "kenneth m day"]
[Black "The Stonewall"]
[Result "0-1"]
[WhiteCountry "USA"]
[BlackCountry "ENG"]
[WhiteElo "1730"]
[WhiteRD "50"]
[BlackElo "2251"]
[BlackRD "87"]
[GameID "371365"]

1. e4 Nf6 2. e5 Nd5 3. d4 Nb6 4. f4 d6 5. c4 g6 6. Nf3 Bg7 7. Nc3 Be6 8. d5 Bc8 9. Be2 N6d7 10. Be3 dxe5
11. fxe5 Nxe5 12. O-O Nbd7 13. Qd2 O-O 14. Bh6 Bxh6 15. Qxh6 f6 16. Rad1 Nxf3+ 17. Bxf3 Ne5 18. Rd4 Qd6 19. Rh4 Qb6+ 20. Kh1 Rf7
21. b3 Rg7 22. Be4 Nf7 23. Qd2 g5 24. Rh5 Bg4 25. Bf3 Bxh5 26. Bxh5 Ne5 27. Qe2 a6 28. Ne4 Kh8 29. Qd2 a5 30. Be2 Rgg8
31. c5 Qb4 32. Qc2 a4 33. d6 axb3 34. axb3 cxd6 35. cxd6 f5 36. Ng3 f4 37. Ne4 exd6 38. Nf6 Rg6 39. Nd5 Qd4 40. Ne7 Rf6
41. Rd1 Ra1 42. Rxa1 Qxa1+ 43. Bd1 Kg7 44. h3 Ng4 45. hxg4 Rh6+ 46. Kg1 Qd4+ 47. Kf1 Rh1+
0-1

[Event "8 Player Open 18"]
[Site "SchemingMind.com"]
[Date "2014.12.18"]
[Round "-"]
[White "The Stonewall"]
[Black "eun77"]
[Result "1-0"]
[WhiteCountry "ENG"]
[BlackCountry "ISR"]
[WhiteElo "2251"]
[WhiteRD "87"]
[BlackElo "1293"]
[BlackRD "54"]
[GameID "371366"]

1. e4 e5 2. Bc4 d6 3. Nc3 c6 4. d4 Be7 5. dxe5 dxe5 6. Qh5 g6 7. Qxe5 Nf6 8. Bh6 Rg8 9. Nf3 Qd6 10. Qxd6 Bxd6
11. Ng5 Bf8 12. Bxf7+
1-0

[Event "8 Player Open 18"]
[Site "SchemingMind.com"]
[Date "2014.12.18"]
[Round "-"]
[White "eun77"]
[Black "The Stonewall"]
[Result "0-1"]
[WhiteCountry "ISR"]
[BlackCountry "ENG"]
[WhiteElo "1293"]
[WhiteRD "54"]
[BlackElo "2251"]
[BlackRD "87"]
[GameID "371367"]

1. d4 e6 2. e3 f5 3. Nf3 Nf6 4. Be2 Be7 5. O-O b6 6. h3 Bb7 7. Nh2 O-O 8. Bf3 c6 9. Nc3 d6 10. Ne2 Qc8
11. Ng3 Nbd7 12. Re1 d5 13. Bd2 Ba6 14. Be2 Bxe2 15. Qxe2 Qe8
0-1

[Event "8 Player Open 18"]
[Site "SchemingMind.com"]
[Date "2014.12.18"]
[Round "-"]
[White "The Stonewall"]
[Black "simpet"]
[Result "1-0"]
[WhiteCountry "ENG"]
[BlackCountry "ENG"]
[WhiteElo "2263"]
[WhiteRD "90"]
[BlackElo "1585"]
[BlackRD "56"]
[GameID "371368"]

1. d4 Nf6 2. c4 d5 3. cxd5 Nxd5 4. e4 Nb6 5. Nc3 e6 6. Nf3 Bb4 7. Bd3 Nc6 8. O-O O-O 9. a3 Bxc3 10. bxc3 Ne7
11. Rb1 f5 12. Qb3 Bd7 13. Bg5 Kh8 14. exf5 exf5 15. Rfe1 h6 16. Bxe7
1-0

[Event "8 Player Open 18"]
[Site "SchemingMind.com"]
[Date "2014.12.18"]
[Round "-"]
[White "simpet"]
[Black "The Stonewall"]
[Result "0-1"]
[WhiteCountry "ENG"]
[BlackCountry "ENG"]
[WhiteElo "1585"]
[WhiteRD "56"]
[BlackElo "2263"]
[BlackRD "90"]
[GameID "371369"]

1. e4 c5 2. Bc4 e6 3. e5 Nc6 4. Nf3 Qc7 5. Qe2 a6 6. O-O Nge7 7. d3 Ng6 8. Re1 Be7 9. a3 O-O 10. b4 cxb4
11. a4 f6 12. exf6 Bxf6 13. Ra2 Nh4 14. Nxh4 Bxh4 15. g3 Nd4 16. Qd2 Nf3+
0-1

[Event "8 Player Open 18"]
[Site "SchemingMind.com"]
[Date "2014.12.19"]
[Round "-"]
[White "pcmvr"]
[Black "Massey Ferguson"]
[Result "1-0"]
[WhiteCountry "NED"]
[BlackCountry "ENG"]
[WhiteElo "2457"]
[WhiteRD "117"]
[BlackElo "1926"]
[BlackRD "90"]
[GameID "371414"]

1. b4 Nf6 2. Bb2 e6 3. b5 a6 4. a4 axb5 5. axb5 Rxa1 6. Bxa1 c6 7. e3 Be7 8. Nf3 d6 9. Be2 Bd7 10. c4 O-O
11. Nc3 e5 12. O-O h6 13. d4 cxb5 14. dxe5 dxe5 15. cxb5 e4 16. Nd2 Bf5 17. Qb1 Nbd7 18. Ncxe4 Be6 19. Rd1 Qb8 20. Nb3 Nxe4
21. Qxe4 Bf6 22. Nd4 Re8 23. Nxe6 Rxe6 24. Qb4 Bxa1 25. Rxd7 Be5 26. g3 Qc8 27. Qd2 Re8 28. Bh5 Kh8 29. Bxf7 Rf8 30. b6 Bf6
31. Rc7 Qf5 32. Qb4 Rd8 33. Rxb7 Qf3 34. Rd7 Ra8 35. Bg6 Rc8 36. Qd2 Ra8 37. Bb1
1-0

[Event "8 Player Open 18"]
[Site "SchemingMind.com"]
[Date "2014.12.19"]
[Round "-"]
[White "Massey Ferguson"]
[Black "pcmvr"]
[Result "0-1"]
[WhiteCountry "ENG"]
[BlackCountry "NED"]
[WhiteElo "1918"]
[WhiteRD "87"]
[BlackElo "2462"]
[BlackRD "121"]
[GameID "371415"]

1. e4 e6 2. d3 d5 3. Nd2 Nf6 4. Ngf3 b6 5. e5 Nfd7 6. g3 c5 7. Bg2 Be7 8. b3 Nc6 9. Bb2 O-O 10. O-O Qc7
11. Re1 b5 12. Re2 Bb7 13. c4 bxc4 14. d4 Rab8 15. bxc4 dxc4 16. Nxc4 Ba6 17. Rc1 Rb4 18. Nfd2 Nb6 19. Ba3 Nxc4 20. Bxb4 Nb2
21. Qc2 Nxd4 22. Qxb2 Nxe2+ 23. Kh1 Rb8 24. Rd1 cxb4 25. Ne4 Rd8 26. Re1 Nc3 27. Rc1 Qxe5 28. h3 Rd3 29. a3 Qd4 30. axb4 Nxe4
0-1

[Event "8 Player Open 18"]
[Site "SchemingMind.com"]
[Date "2014.12.19"]
[Round "-"]
[White "The Stonewall"]
[Black "Massey Ferguson"]
[Result "1-0"]
[WhiteCountry "ENG"]
[BlackCountry "ENG"]
[WhiteElo "2251"]
[WhiteRD "87"]
[BlackElo "1918"]
[BlackRD "87"]
[GameID "371416"]

1. d4 Nf6 2. Bg5 Ne4 3. Bf4 c5 4. f3 Qa5+ 5. c3 Nf6 6. d5 d6 7. e4 Nbd7 8. Nh3 g6 9. Nd2 Bg7 10. Nc4 Qc7
11. a4 O-O 12. Be2 Nb6 13. Nf2 Nxc4 14. Bxc4 Bd7 15. Nd3 a6 16. a5 e5 17. dxe6 fxe6 18. Qb3 Rfe8 19. e5 dxe5 20. Bxe5 Qc6
21. O-O Nd5 22. Bxg7 Kxg7 23. Rfe1 Nf6 24. Ne5 Qc8 25. Nxd7 Qxd7 26. Bxe6 Qc7 27. Rad1 Rad8 28. Rxd8 Rxd8 29. Re2 Nh5 30. g3 Nxg3
31. hxg3 Qxg3+ 32. Rg2 Qe1+ 33. Kh2 Qh4+ 34. Bh3 Qf4+ 35. Kh1 Qxf3 36. Bg4 Qe4 37. Qc2 Qe1+ 38. Rg1 Qh4+ 39. Qh2 Qe7 40. Bf3 Rf8
41. Qg3 Re8 42. Rf1 Rf8 43. Re1 Qf7 44. Qe5+ Kh6 45. Qe3+ Kg7 46. Qe7
1-0

[Event "8 Player Open 18"]
[Site "SchemingMind.com"]
[Date "2014.12.19"]
[Round "-"]
[White "Massey Ferguson"]
[Black "The Stonewall"]
[Result "0-1"]
[WhiteCountry "ENG"]
[BlackCountry "ENG"]
[WhiteElo "1918"]
[WhiteRD "87"]
[BlackElo "2251"]
[BlackRD "87"]
[GameID "371417"]

1. e4 Nf6 2. e5 Nd5 3. d4 d6 4. Nf3 dxe5 5. Nxe5 c6 6. Bc4 Nd7 7. O-O Nxe5 8. dxe5 Bf5 9. a3 Qd7 10. Bd3 O-O-O
11. Bxf5 Qxf5 12. Qe2 e6 13. c4 Nb6 14. b4 Be7 15. Nc3 Qd3 16. Qxd3 Rxd3 17. c5 Nc4 18. Ne4 Nxe5 19. Bb2 f6 20. Bxe5 fxe5
21. Rfe1 Rhd8 22. Kf1 Kc7 23. Ke2 R3d4 24. f3 b6 25. cxb6+ axb6 26. Rec1 Ra8 27. Ke3 c5 28. bxc5 bxc5 29. Rc2 Kc6 30. Rc3 Raa4
31. g3 c4 32. h3 Bb4 33. Rc2 Rxa3+ 34. Rxa3 Bxa3 35. Nf2 Kd5 36. h4 Bb4 37. Ne4 Rd3+ 38. Ke2 h6 39. h5 Kd4 40. g4 Re3+
41. Kf2 Be1+ 42. Kg2 Kd3 43. Rc1 c3 44. Nc5+ Kc4 45. Nxe6 Bd2 46. Ra1 c2
0-1

[Event "8 Player Open 18"]
[Site "SchemingMind.com"]
[Date "2014.12.15"]
[Round "-"]
[White "emvarela"]
[Black "Massey Ferguson"]
[Result "0-1"]
[WhiteCountry "ARG"]
[BlackCountry "ENG"]
[WhiteElo "1693"]
[WhiteRD "51"]
[BlackElo "1918"]
[BlackRD "86"]
[GameID "371418"]

1. e4 c6 2. d4 d5 3. Nc3 g6 4. e5 Bg7 5. f4 e6 6. Nf3 Ne7 7. Bd3 O-O 8. O-O Nd7 9. Ne2 c5 10. dxc5 Nxc5
11. Be3 b6 12. Bxc5 bxc5 13. c3 Qb6 14. b3 c4+ 15. Ned4 cxd3
0-1

[Event "8 Player Open 18"]
[Site "SchemingMind.com"]
[Date "2014.12.19"]
[Round "-"]
[White "Massey Ferguson"]
[Black "emvarela"]
[Result "1-0"]
[WhiteCountry "ENG"]
[BlackCountry "ARG"]
[WhiteElo "1918"]
[WhiteRD "86"]
[BlackElo "1693"]
[BlackRD "51"]
[GameID "371419"]

1. e4 e5 2. Nf3 Nc6 3. Bc4 Bc5 4. c3 Qe7 5. O-O d6 6. h3 Be6 7. Bxe6 Qxe6 8. d4 exd4 9. cxd4 Nxd4 10. Nxd4 Qf6
11. Qa4+ Kd8 12. Nf3 h6 13. Nc3 Ne7 14. Qb3 Bb6 15. Rd1 Nc6 16. Nd5 Qe6 17. e5 Kd7 18. exd6 cxd6 19. Nxb6+ axb6 20. Qxb6 Ra7
21. Be3 Rha8 22. Bf4
1-0

[Event "8 Player Open 18"]
[Site "SchemingMind.com"]
[Date "2014.12.18"]
[Round "-"]
[White "Scooter"]
[Black "Massey Ferguson"]
[Result "1/2-1/2"]
[WhiteCountry "USA"]
[BlackCountry "ENG"]
[WhiteElo "1778"]
[WhiteRD "45"]
[BlackElo "1920"]
[BlackRD "85"]
[GameID "371420"]

1. d4 Nf6 2. Nf3 g6 3. Bf4 Bg7 4. e3 d6 5. Be2 O-O 6. O-O Nbd7 7. h3 Ne4 8. Nbd2 Ndf6 9. Rc1 c6 10. Nxe4 Nxe4
11. Nd2 Nxd2 12. Qxd2 e5 13. dxe5 dxe5 14. Qxd8 Rxd8 15. Bg3 Be6 16. b3 Rd7 17. Rcd1 Rad8 18. Rxd7 Rxd7 19. Rd1 Rxd1+ 20. Bxd1 Bf5
21. Kf1 Kf8 22. Ke2 Ke7 23. f3 f6 24. e4 Be6 25. c4 Kd6 26. Kd3=
1/2-1/2

[Event "8 Player Open 18"]
[Site "SchemingMind.com"]
[Date "2014.12.19"]
[Round "-"]
[White "Massey Ferguson"]
[Black "Scooter"]
[Result "1-0"]
[WhiteCountry "ENG"]
[BlackCountry "USA"]
[WhiteElo "1920"]
[WhiteRD "85"]
[BlackElo "1778"]
[BlackRD "45"]
[GameID "371421"]

1. e4 c6 2. Nc3 d5 3. Nf3 dxe4 4. Nxe4 Bf5 5. Ng3 Bg6 6. h4 h6 7. Ne5 Bh7 8. Qh5 g6 9. Bc4 e6 10. Qe2 Qe7
11. d4 Nd7 12. Bd2 Bg7 13. Bc3 Nxe5 14. dxe5 O-O-O 15. Rd1 Rxd1+ 16. Kxd1 Qd7+ 17. Kc1 Ne7 18. Ne4 Rf8 19. Nd6+ Kc7 20. Rd1 Nc8
21. Nb5+
1-0

[Event "8 Player Open 18"]
[Site "SchemingMind.com"]
[Date "2014.12.17"]
[Round "-"]
[White "Massey Ferguson"]
[Black "kenneth m day"]
[Result "1-0"]
[WhiteCountry "ENG"]
[BlackCountry "USA"]
[WhiteElo "1918"]
[WhiteRD "87"]
[BlackElo "1730"]
[BlackRD "50"]
[GameID "371422"]

1. d4 Nf6 2. Nf3 d5 3. e3 c5 4. c3 Nc6 5. Bd3 e6 6. O-O Be7 7. Re1 O-O 8. Nbd2 cxd4 9. exd4 Re8 10. Nf1 Bd6
11. Ng3 h6 12. Ne5 Nd7 13. Nxd7 Bxd7 14. Bc2 Ne7 15. Qf3 Ng6 16. Bd2 Qh4 17. Nf1 Rf8 18. g3 Qe7 19. Ne3 Rae8 20. Nxd5 Qd8
21. Ne3 Bc6 22. Qd1 f5 23. Nc4 Bc7 24. Ne3 f4 25. Ng4 fxg3 26. fxg3 Bf3 27. Qb1 Nh4 28. Ne5 Bxe5 29. Rxe5 Ng2 30. Be4 Nh4
31. gxh4 Qxh4 32. Qe1 Qg4+ 33. Qg3 Qxg3+ 34. hxg3 Bg4 35. Rf1 Bh3 36. Rxf8+ Rxf8 37. Bg2 Bg4 38. Bf4 g5 39. Bxg5
1-0

[Event "8 Player Open 18"]
[Site "SchemingMind.com"]
[Date "2014.12.15"]
[Round "-"]
[White "kenneth m day"]
[Black "Massey Ferguson"]
[Result "0-1"]
[WhiteCountry "USA"]
[BlackCountry "ENG"]
[WhiteElo "1792"]
[WhiteRD "50"]
[BlackElo "1926"]
[BlackRD "90"]
[GameID "371423"]

1. e4 c6 2. c4 e5 3. Nc3 Nf6 4. Nf3 d6 5. Be2 Be7 6. d4 exd4 7. Nxd4 O-O 8. O-O Re8 9. f4 c5 10. Nf3 b6
11. b3 Bb7 12. Bd3 Nc6 13. Bb2 Nb4 14. a3 Nxd3 15. Qxd3 Qc7 16. Nd5 Nxd5 17. exd5 Qd8 18. Qf5 Bc8 19. Qh5 h6 20. g4 Bf6
21. Bxf6 Qxf6 22. Nh4 Qd4+ 23. Kh1 Re2 24. g5 Qe4+ 25. Qf3 hxg5 26. Qxe4 Rxe4 27. Ng2 gxf4 28. Nxf4 Bd7 29. Nh5 Bg4 30. Ng3 Re3
31. Rab1 Rae8 32. Kg1 Kf8 33. Kf2 Rc3 34. Kg2 Ree3 35. Rf4 Bd7 36. Ne4 Rxb3 37. Rxb3 Rxb3 38. Nxd6 f6 39. Rf3 Rxf3 40. Kxf3 Ke7
41. Ne4 Ba4 42. Kf4 Bb3 43. Kf5 Bxc4 44. d6+ Kd7 45. Kg6 Bd3 46. Kf5 Bxe4+
0-1

[Event "8 Player Open 18"]
[Site "SchemingMind.com"]
[Date "2014.12.19"]
[Round "-"]
[White "Massey Ferguson"]
[Black "eun77"]
[Result "1-0"]
[WhiteCountry "ENG"]
[BlackCountry "ISR"]
[WhiteElo "1918"]
[WhiteRD "87"]
[BlackElo "1293"]
[BlackRD "54"]
[GameID "371424"]

1. Nf3 d5 2. d4 e6 3. c4 c6 4. e3 Nf6 5. a3 g6 6. cxd5 cxd5 7. Bd3 Bg7 8. O-O O-O 9. Nbd2 Ne8 10. b4 a6
11. Bb2 Nd7 12. e4 dxe4 13. Nxe4 Ndf6 14. Ng3 b5 15. Rc1 Bb7 16. Qe2 Bxf3 17. Qxf3 h5 18. Rfd1 Nd6 19. Rc6 Qd7 20. Rdc1 Rac8
21. Rxa6 Rxc1+ 22. Bxc1 Nf5 23. Nxf5 exf5 24. Bb2
1-0

[Event "8 Player Open 18"]
[Site "SchemingMind.com"]
[Date "2014.12.16"]
[Round "-"]
[White "eun77"]
[Black "Massey Ferguson"]
[Result "0-1"]
[WhiteCountry "ISR"]
[BlackCountry "ENG"]
[WhiteElo "1293"]
[WhiteRD "54"]
[BlackElo "1918"]
[BlackRD "87"]
[GameID "371425"]

1. e4 c6 2. d3 d5 3. h3 dxe4 4. dxe4 Qxd1+ 5. Kxd1 e5 6. Bd3 Nd7 7. Nf3 h6 8. Ke2 Ngf6 9. Re1 Bd6 10. Kf1 O-O
11. Be3 Re8 12. a3 a5 13. Nh2 b5 14. c3 Nc5 15. Bxc5 Bxc5 16. a4 b4 17. c4 Bd4 18. Ra2 Nh5 19. Nf3 Bc5 20. b3 Nf4
21. Rd2 Ra7
0-1

[Event "8 Player Open 18"]
[Site "SchemingMind.com"]
[Date "2014.12.17"]
[Round "-"]
[White "Massey Ferguson"]
[Black "simpet"]
[Result "1-0"]
[WhiteCountry "ENG"]
[BlackCountry "ENG"]
[WhiteElo "1920"]
[WhiteRD "85"]
[BlackElo "1585"]
[BlackRD "56"]
[GameID "371426"]

1. Nf3 Nf6 2. d4 e6 3. e3 d5 4. Bd3 Nc6 5. O-O Bd6 6. Nbd2 O-O 7. Re1 Nb4 8. Be2 c5 9. c3 Nc6 10. Bd3 c4
11. Bc2 Qc7 12. e4 dxe4 13. Nxe4 Nxe4 14. Bxe4 b5 15. h3 Bb7 16. d5 exd5 17. Bxh7+ Kxh7 18. Ng5+ Kg6 19. Qc2+ f5 20. Re6+ Rf6
21. g4 Ne7 22. Qe2 Rh8 23. Rxf6+ Kxf6 24. Qe6#
1-0

[Event "8 Player Open 18"]
[Site "SchemingMind.com"]
[Date "2014.12.15"]
[Round "-"]
[White "simpet"]
[Black "Massey Ferguson"]
[Result "0-1"]
[WhiteCountry "ENG"]
[BlackCountry "ENG"]
[WhiteElo "1585"]
[WhiteRD "56"]
[BlackElo "1920"]
[BlackRD "85"]
[GameID "371427"]

1. e4 c6 2. d4 d5 3. e5 Bf5 4. Bd3 Bxd3 5. Qxd3 e6 6. Nf3 Qb6 7. c3 Nd7 8. O-O c5 9. b3 cxd4 10. Qxd4 Bc5
11. Qf4 h6 12. b4 Be7 13. Be3 Qc7 14. Bd4 Bd8 15. a4 Ne7 16. Nbd2 Nf5 17. Nb3 O-O 18. Nh4 Bxh4 19. Nd2 Bg5
0-1